000 00333nam a2200133Ia 4500
008 240624s9999 xx 000 0 und d
041 _aeng
082 _a823 BON
100 _aBOND RUSKIN
245 _aUNCLES AUNTS AND ELEPHANTS
260 _c2014
_aNew Delhi
_bPuffin Books
300 _ax, : 340 : p. : cm. ; 19
365 _cRS
_b25
999 _c23896
_d23896